Ultimate Christmas Trivia - Statistics

General Stats
  • This quiz has been taken 204 times
    148 since last reset
  • The average score is 43 of 101
Answer Stats
Hint Answer % Correct
What famous Christmas candy is red and white? Candy Cane
90%
What day is Christmas Eve? December 24th
90%
What day is Christmas? December 25th
89%
What song goes "Im dreaming of a ____ ____"? White Christmas
89%
What country was Jesus born In? Israel
86%
"But do you recall the most famous reindeer of all?" Rudolph
85%
What city was Jesus born in? Bethlehem
82%
What is "Roasting on an open fire"? Chestnuts
80%
"And ____" Dancer
79%
"And ____" Vixen
79%
"And ____" Blitzen
78%
"And ____" Prancer
78%
What Christmas movie does Will Ferrell star in? Elf
77%
What did baby Jesus use as a bed? Manger
76%
"____" Comet
74%
Name all 9 reindeer: "You know ____" Dasher
74%
Did scrooge have a brother or a sister? Sister
74%
"And ____" Donner
73%
What city does Home Alone 2 take place in? New York City
73%
"And ____" Cupid
71%
What plant is used to deck the halls? Holly
71%
What character has a corncob pipe and a button nose? Frosty
70%
"Silent night, holy night, all is ____, all is bright" Calm
69%
What color is the Grinch? Green
69%
What was Jesus's mother's name? Mary
69%
What were the three gifts brought by the wise men? #1: Gold
66%
Who was Jesus's earthly father? Joseph
66%
What is Jesus's birth scene called? The Nativity
64%
"I saw ____ ships come sailing in on Christmas Day in the morning" 3
63%
What month do retail stores such as Walmart and Target start selling their Christmas products? October
63%
What children's toy is often seen revolving around the Christmas tree? Train
63%
What does "O Tannenbaum" translate to in English? O Christmas Tree
61%
What was Brenda Lee doing around the Christmas Tree? Rockin'
61%
#2 Frankincense
59%
Where does Santa land his sleigh? On the Roof
58%
#3 Myrrh
57%
What Christmas decoration was originally made from strands of silver? Tinsel
57%
Who got run over by a reindeer? Grandma
55%
What circular-shaped Christmas greenery hangs on walls and doors? A Wreath
53%
Who played his best for him, pa-rum pum pum pum? The Little Drummer Boy
53%
What flower is widely popular during the holidays? Poinsettia
51%
And who does he play? Buddy
50%
What two department stores are featured in Miracle on 34th Street? Macy's
50%
How is Merry Christmas wished in Mexico? Feliz Navidad
47%
What European country originated the Christmas card? England
44%
Where did Joseph and Mary travel from? Nazareth
43%
What kind of Christmas Eve was it when Santa asked Rudolph to guide his sleigh? Foggy
41%
What popular snack can you hang on the Christmas tree? Popcorn
41%
Where did the Three Kings come from? The Orient
40%
What "Wizard of Oz" star introduced the song "Have Yourself a Merry Little Christmas"? Judy Garland
39%
What Russian city first saw "The Nutcracker"? St. Petersburg
39%
Visions of what danced in their head? Sugarplums
39%
What song is full of threats and warnings about Santa Claus? Santa Claus Is Coming To Town
38%
What office supply item did Kevin put in Marv's nose in Home Alone 2? Staple
38%
In the movie "The Santa Clause", who starred as the substitute Santa Claus? Tim Allen
38%
Who gives the gifts in the "Twelve Days of Christmas"? My True Love
36%
Which of the ghosts in "A Christmas Carol" is also referred to as the Phantom? The Ghost of Christmas Yet to Come
36%
In "How the Grinch Stole Christmas", who mistook the Grinch for Santa Claus? Cindy Lou Who
35%
Jingle bells chime in jingle bell time in what song? Jingle Bell Rock
35%
Who recorded "That Christmas Feeling" in 1951? Bing Crosby
34%
What country is credited for creating eggnog? United States
34%
And who wrote that song? (Not who sang it) Irving Berlin
32%
What year did the movie "White Christmas" come out? 1954
30%
What is the main ingredient in gingerbread cookies? Flour
30%
Who wanted to kill Jesus? King Herod
27%
What carol contains the line "Born is the King of Isreal"? The First Noel
27%
In "A Charlie Brown Christmas" how much does Lucy charge for her psychiatric services? 5 Cents
25%
In "A Charlie Brown Christmas", who explains the true meaning of Christmas? Linus
24%
How many total gifts are given in the whole song "The Twelve Days of Christmas"? 364
23%
What spy hides in the house and watches to see who is Naughty or Nice? Elf on the Shelf
23%
In the "Christmas Song" what are folks dressed up like? Eskimos
23%
What popular bite-sized chocolate candy comes wrapped in red, green, and silver foil at Christmas? Hershey Kisses
23%
What country does St. Nicholas originally come from? Turkey
23%
What carol contains the line "Guide us to thy perfect light"? We Three Kings of Orient Are
23%
"Santa Claus won't make me happy with a ___ ___ ___ ___" Toy on Christmas Day
21%
What hotel did Kevin stay at in Home Alone 2? The Plaza Hotel
20%
Who originally sang the song "It's the Most Wonderful Time of the Year"? Andy Williams
17%
What state is "The Christmas Story" based in? Indiana
17%
What is "The island greeting that we send to you from the land where palm trees sway"? Mele Kalikimaka
17%
"And he was a heading for. ____ and some homemade pumpkin pie." Pennsylvania
17%
Although this carol has two plant names in its title, the song discusses only one of them. The Holly and the Ivy
16%
What song contains the line "Christmas Eve will find me, where the lovelight gleams"? I'll Be Home For Christmas
15%
What carol contains the line "While Feilds and floods, rock, hills, and plains"? Joy to the World
15%
"I met a man who lives in ____," Tennessee
15%
Who originally performed the song "Run Run Rudolph"? Chuck Berry
13%
"It'll nearly be like a picture print by ____ and Ives" Currier
12%
What seasonal movie shares a name with a hotel chain? Holiday Inn
11%
How big was the voice in "Do you hear what I hear"? As Big As the Sea
10%
What were Frosty the Snowmans last words? I'll Be Back Again Someday
10%
For what part of "The Messiah" does the audience traditionally stand? The Hallelujah Chorus
10%
What was her name? Fanny
9%
What Christmas Carol is better known in France as "Cantique de Noel"? O Holy Night
8%
Who said to the little lamb, "Do you see what I see"? The Night Wind
8%
What was the first US state to recognize Christmas as a holiday? Alabama
7%
Who was the tallest of the Magi? Caspar
6%
What choir was featured in Mr. Kreuger's Christmas? Mormon Tabernacle Choir
5%
And? Gimbel's
4%
Just as Charlie Brown received rocks for Halloween, what embarrassment did he suffer in "A Charlie Brown Christmas"? (What did he not receive) Christmas Cards
3%
Who wrote the song "This Christmas"? Donny Hathaway
3%
What does the "H" in the song "C-H-R-I-S-T-M-A-S" stand for? Herald Angels
3%
Who comes "Dressed in a snow white gown"? Suzy Snowflake
3%
No matching quizzes found
Score Distribution
Percent of People with Each Score
Percentile by Number Answered
Your Score History
You have not taken this quiz since the last reset